[Event "San Francisco TNM Spring op"]
[Site "San Francisco"]
[Date "2014.04.15"]
[Round "5"]
[White "Chandrasekaran, Siddarth"]
[Black "Askin, Michael"]
[Result "0-1"]
[WhiteElo "1596"]
[BlackElo "1903"]
[PlyCount "66"]
[EventDate "2014.03.18"]
[EventType "swiss"]
[EventRounds "8"]
[EventCountry "USA"]
[SourceTitle "EXT 2016"]
[Source "ChessBase"]
[SourceDate "2015.10.08"]
[SourceVersion "1"]
[SourceVersionDate "2015.10.08"]
[SourceQuality "1"]

1. d4 d5 2. c4 c6 3. Nf3 Nf6 4. Nc3 e6 5. e3 Nbd7 6. Bd3 dxc4 7. Bxc4 b5 8. Bb3 Bb7 9. 0-0 a6 10. Re1 b4 11. Na4 c5 12. Qe2 Bd6 13. Rd1 Qc7 14. Bd2 cxd4 15. Rac1 Bc6 16. exd4 Qb7 17. Bxe6 0-0 18. Bxd7 Nxd7 19. Nc5 Nxc5 20. dxc5 Rfe8 21. Qd3 Bc7 22. Re1 Be4 23. Qb3 a5 24. Ng5 Bd5 25. Rxe8+ Rxe8 26. c6 Qb5 27. Qh3 h6 28. Qd7 Qe2 29. Be3 Rxe3 30. Nf3 Rxf3 31. gxf3 Qxf3 32. Kf1 Bb6 33. Qe8+ Kh7 0-1

[Event "San Francisco Neil Falconer op"]
[Site "San Francisco"]
[Date "2013.09.24"]
[Round "8"]
[White "Flores Gomez, David"]
[Black "Chandrasekaran, Siddarth"]
[Result "0-1"]
[WhiteElo "1641"]
[BlackElo "1466"]
[PlyCount "62"]
[EventDate "2013.08.06"]
[EventType "swiss"]
[EventRounds "9"]
[EventCountry "USA"]
[SourceTitle "EXT 2016"]
[Source "ChessBase"]
[SourceDate "2015.10.08"]
[SourceVersion "1"]
[SourceVersionDate "2015.10.08"]
[SourceQuality "1"]

1. e4 e5 2. Nf3 Nc6 3. Nc3 Nf6 4. Bc4 Bb4 5. Nd5 Nxe4 6. Qe2 Nf6 7. Nxb4 Nxb4 8. Bxf7+ Kxf7 9. 0-0 Re8 10. Qc4+ Nbd5 11. Ng5+ Kg8 12. Ne4 Kh8 13. Ng5 Qe7 14. Qh4 h6 15. d3 Nh7 16. Qh5 Nf4 17. Nf7+ Kg8 18. Nxh6+ gxh6 19. Bxf4 exf4 20. Qg6+ Kh8 21. h3 Rg8 22. Qxh6 Qg5 23. Qxg5 Rxg5 24. Rae1 d6 25. Kh2 Bd7 26. f3 Rag8 27. Rf2 Rg3 28. Re4 Rf8 29. Rfe2 Rf7 30. c4 Rgg7 31. d4 Ng5 0-1

[Event "San Francisco Neil Falconer op"]
[Site "San Francisco"]
[Date "2013.08.27"]
[Round "4"]
[White "Gullickson, William"]
[Black "Chandrasekaran, Siddarth"]
[Result "0-1"]
[WhiteElo "1669"]
[BlackElo "1466"]
[PlyCount "64"]
[EventDate "2013.08.06"]
[EventType "swiss"]
[EventRounds "9"]
[EventCountry "USA"]
[SourceTitle "EXT 2016"]
[Source "ChessBase"]
[SourceDate "2015.10.08"]
[SourceVersion "1"]
[SourceVersionDate "2015.10.08"]
[SourceQuality "1"]

1. e4 e5 2. Bc4 Nf6 3. d3 Bc5 4. Nf3 Nc6 5. c3 d6 6. 0-0 0-0 7. Nbd2 Be6 8. h3 d5 9. Bb3 Qd7 10. Ng5 h6 11. Nxe6 fxe6 12. Qe2 Qf7 13. Nf3 Nh5 14. Be3 Bxe3 15. fxe3 Ng3 16. Qf2 Nxf1 17. Rxf1 Kh8 18. Qg3 d4 19. Nd2 Qe7 20. exd4 Rxf1+ 21. Nxf1 exd4 22. Qg4 Qc5 23. Kh1 dxc3 24. bxc3 Rf8 25. Ng3 Qxc3 26. Qxe6 Qe1+ 27. Kh2 Nd4 28. Qe7 Nf3+ 29. gxf3 Qf2+ 30. Kh1 Qxf3+ 31. Kh2 Qf2+ 32. Kh1 Qe1+ 0-1

[Event "San Francisco Neil Falconer op"]
[Site "San Francisco"]
[Date "2013.08.06"]
[Round "1"]
[White "Chandrasekaran, Siddarth"]
[Black "Askin, Michael"]
[Result "1/2-1/2"]
[WhiteElo "1466"]
[BlackElo "1887"]
[PlyCount "102"]
[EventDate "2013.08.06"]
[EventType "swiss"]
[EventRounds "9"]
[EventCountry "USA"]
[SourceTitle "EXT 2016"]
[Source "ChessBase"]
[SourceDate "2015.10.08"]
[SourceVersion "1"]
[SourceVersionDate "2015.10.08"]
[SourceQuality "1"]

1. d4 d5 2. c4 dxc4 3. Nc3 c6 4. a4 Nf6 5. e4 e5 6. d5 Bb4 7. Bxc4 Nxe4 8. Qb3 Qa5 9. Nge2 Nd6 10. Bd2 Nxc4 11. Qxc4 0-0 12. Rd1 Rd8 13. 0-0 cxd5 14. Nxd5 Bxd2 15. Nc7 Nc6 16. Nxa8 Bf5 17. Qb5 Qxb5 18. axb5 Ne7 19. Nc7 Bc2 20. Ra1 Rd7 21. b6 a6 22. Ng3 Nc8 23. Nxa6 Nxb6 24. Nc5 Rc7 25. Nge4 Bh6 26. b4 f5 27. Nd6 Rc6 28. Ncxb7 g6 29. b5 Rc7 30. Ra6 Nd7 31. Ra8+ Bf8 32. Rc1 Nb6 33. Rb8 Nd7 34. Rc8 Rxc8 35. Nxc8 Bd3 36. Nbd6 Nb6 37. Nxb6 Bxd6 38. Rd1 e4 39. Nc8 Bf4 40. b6 Ba6 41. Nd6 e3 42. b7 exf2+ 43. Kxf2 Bxd6 44. Rxd6 Bxb7 45. Rd7 Be4 46. g3 g5 47. Ke3 Bc6 48. Rc7 Be8 49. Kd4 Bg6 50. Ke5 Kf8 51. Kf6 f4 1/2-1/2